Trh je dialogem o hodnotách.

Rozhovor s profesorom Inštitútu pre medzinárodné hospodárske právo v Mníchove o tom, ako je možné zmeniť model našej ekonomiky, aby bola funkčná, efektívnejšia a demokratická. Porovnanie viacerých modelov. Skúsenosti SRN. Otázky sociálnej politiky.

Salvato in:
Dettagli Bibliografici
Autore principale: Fikentscher, W.
Altri autori: Dubský, M.
Natura: Capitolo di libro
Lingua:ceco
Soggetti:
Tags: Aggiungi Tag
Nessun Tag, puoi essere il primo ad aggiungerne!!

MARC

LEADER 00000naa a2200000 4500
001 r006575
005 20221125081246.2
041 0 |a cze 
044 |a [CS] 
245 1 0 |a Trh je dialogem o hodnotách.  |c W. Fikentscher, M. Dubský 
520 |a Rozhovor s profesorom Inštitútu pre medzinárodné hospodárske právo v Mníchove o tom, ako je možné zmeniť model našej ekonomiky, aby bola funkčná, efektívnejšia a demokratická. Porovnanie viacerých modelov. Skúsenosti SRN. Otázky sociálnej politiky. 
610 2 0 |a reformy hospodárske 
610 2 0 |a ČSFR 
610 2 0 |a Nemecko 
610 2 0 |a politika sociálna 
610 2 0 |a hospodárstvo trhové 
610 2 0 |a modely ekonomické 
100 1 |a Fikentscher, W. 
700 1 |a Dubský, M.